| 000 | 00360nam a22001337a 4500 | ||
|---|---|---|---|
| 020 | _a9781119600428 | ||
| 040 | _cDLC | ||
| 082 |
_a616.33 _bWAN |
||
| 245 |
_aYamada's Atlas of Gastroenterology / _cedited by Timothy C. Wang [...ed al.] |
||
| 250 | _a6th | ||
| 260 |
_aU.K : _bJohn Wiley & Sons, _c2022, |
||
| 300 |
_a1016 p. ; _bill, _c28 cm. |
||
| 942 |
_2ddc _cBK |
||
| 999 |
_c595549 _d595549 |
||